000 00285nam a2200109Ia 4500
008 200302s9999 xx 000 0 und d
100 _aHalsey Van Orman
245 _aEstimating for Residential Construction
260 _b Van Nostrand Reinhold Company
260 _c1978
300 _a296 P.,
999 _c110
_d110